[Event "31. DSenEM2018-Gruppe-65"]
[Site "Radebeul"]
[Date "2019.04.27"]
[Round "2.25"]
[White "Goldberg, Valerij"]
[Black "Wurmb, Peter"]
[Result "1-0"]
[Annotator "lenovo"]
[BlackElo "1984"]
[BlackTeam "SK Heidenau"]
[EventDate "2019.??.??"]
[PlyCount "107"]
[WhiteElo "2117"]
[WhiteTeam "SV Lok Dresden"]

1. e4 c5 2. Nf3 e6 3. d4 cxd4 4. Nxd4 Nf6 5. Bd3 Nc6 6. Be3 d5 7. Nxc6 bxc6 8.
e5 Nd7 9. f4 Bc5 10. Qf3 Qb6 11. Bxc5 Nxc5 12. b3 Nxd3+ 13. Qxd3 Qb4+ 14. Qd2
Qe4+ 15. Kd1 Ba6 16. Nc3 Qb4 17. a3 Qe7 18. b4 O-O 19. Na4 Bb5 20. Nc5 Rfd8 21.
Kc1 a5 22. Kb2 Ra7 23. Nb3 axb4 24. axb4 Rb8 25. Qd4 Rxa1 26. Rxa1 Bc4 27. Qc5
Qxc5 28. bxc5 f6 29. Ra7 d4 30. Ra4 Bxb3 31. cxb3 fxe5 32. fxe5 Rd8 { ( = )} 
33. Kc2 Rd5 34. b4 Rxe5 35. Ra6 Rg5 36. g3 Kf7 37. Rxc6 Ke7 38. Rd6 e5 39. Kd3
Rg6 40. Rd5 Ke6 41. Rd8 Ke7 42. Ra8 Kd7 43. b5 Rf6 44. Ra7+ Ke6 45. Ke4 Rg6 46.
Ra6+ Kd7 47. Kxe5 d3 48. Ra7+ Kc8 49. Ra3 Rg5+ 50. Kd4 d2 51. Rd3 Rg4+ 52. Kc3
Rg5 53. Kb4 Rg4+ 54. Ka5  1-0

[Event "31. DSenEM2018-Gruppe-65"]
[Site "Radebeul"]
[Date "2019.04.27"]
[Round "2.26"]
[White "Müller, Lutz"]
[Black "Essegern, Kurt"]
[Result "1-0"]
[BlackElo "2116"]
[BlackTeam "Bad Salzungen"]
[EventDate "2019.??.??"]
[PlyCount "55"]
[WhiteElo "1985"]
[WhiteTeam "SC Bad Königshofen"]

1. d4 Nf6 2. Nf3 e6 3. e3 b6 4. Bd3 Bb7 5. Nbd2 d5 6. O-O c5 7. b3 Nc6 8. a3 Bd6
9. Bb2 Qe7 10. Ne5 O-O 11. f4 g6 12. Rf3 cxd4 13. exd4 Nh5 14. g4 Ng7 15. Rh3
Rfd8 16. Qe2 Bxe5 17. fxe5 Qg5 18. Rg3 h5 19. Rf1 hxg4 20. Rxg4 Qh6 21. Nf3 Ne7
22. Bc1 Qh8 23. Rh4 Nh5 24. Bg5 Nf5 25. Bxf5 exf5 26. Bf6 Qh6 27. Ng5 Re8 28.
Rf3  1-0

[Event "31. DSenEM2018-Gruppe-65"]
[Site "Radebeul"]
[Date "2019.04.27"]
[Round "2.27"]
[White "Neumann, Joachim"]
[Black "Just, Joachim"]
[Result "1-0"]
[BlackElo "1970"]
[BlackTeam "Motor Zeitz"]
[EventDate "2019.??.??"]
[PlyCount "71"]
[WhiteElo "2116"]
[WhiteTeam "SC Agon Neumünster"]

1. c4 c5 2. g3 Nc6 3. Bg2 g6 4. Nc3 Bg7 5. Nf3 Nf6 6. d4 cxd4 7. Nxd4 O-O 8. O-O
Qa5 9. Nb3 Qd8 10. c5 Na5 11. Qd3 Nc6 12. Bf4 Nh5 13. Be3 Ne5 14. Qc2 Nc4 15.
Bg5 Ne5 16. Nd5 f6 17. Bd2 e6 18. Ba5 b6 19. cxb6 axb6 20. Bxb6 exd5 21. Bxd5+
Kh8 22. Bxd8 Bb7 23. Bxb7 Raxd8 24. a4 Rb8 25. Qc7 d5 26. Nc5 Rbd8 27. f4 Nc4
28. Ne6 Rde8 29. Nxf8 Bxf8 30. Bxd5 Nd6 31. e4 Rc8 32. Qd7 Rb8 33. Qe6 Nf7 34.
Qxf7 Bc5+ 35. Kg2 Bd4 36. Rad1  1-0

[Event "31. DSenEM2018-Gruppe-65"]
[Site "Radebeul"]
[Date "2019.04.27"]
[Round "2.28"]
[White "Gerl, Hans"]
[Black "Krüger, Erich"]
[Result "1-0"]
[BlackElo "2113"]
[BlackTeam "SF Essen-Katernberg"]
[EventDate "2019.??.??"]
[PlyCount "71"]
[WhiteElo "1975"]
[WhiteTeam "SGem Fürth"]

1. d4 Nf6 2. c4 g6 3. Nc3 Bg7 4. e4 d6 5. f3 O-O 6. Be3 b6 7. Bd3 Na6 8. Nge2 c5
9. d5 e6 10. O-O exd5 11. exd5 Re8 12. Qd2 Nc7 13. Bg5 a6 14. Ng3 Qd7 15. Qf4
Nh5 16. Nxh5 gxh5 17. Ne4 Rxe4 18. Qxe4 f5 19. Qe2 b5 20. Rab1 bxc4 21. Bxc4
Bb7 22. Qe7 Qxe7 23. Bxe7 Be5 24. f4 Bd4+ 25. Kh1 Ne8 26. Rfe1 Kf7 27. Re2 Bc8
28. Rbe1 Ra7 29. h3 Nf6 30. Bxf6 Bxf6 31. Re8 Rc7 32. R1e2 Be7 33. R2xe7+ Rxe7
34. Rxc8 Re4 35. b3 Rxf4 36. Rc7+  1-0

[Event "31. DSenEM2018-Gruppe-65"]
[Site "Radebeul"]
[Date "2019.04.27"]
[Round "2.29"]
[White "Leiber, Bernard"]
[Black "Schroeder, Christian"]
[Result "1-0"]
[Annotator "lenovo"]
[BlackElo "1957"]
[BlackTeam "HSG Uni Rostock"]
[EventDate "2019.??.??"]
[PlyCount "173"]
[WhiteElo "2110"]
[WhiteTeam "SV Osnabrück"]

1. d4 d5 2. Nf3 Nf6 3. c4 c6 4. Nc3 dxc4 5. a4 Bf5 6. e3 e6 7. Bxc4 Bb4 8. O-O
Nbd7 9. Qb3 a5 10. Rd1 Nb6 11. Be2 O-O 12. Ne5 Qe7 13. Bd2 Rfd8 14. g4 Bg6 15.
Nxg6 hxg6 16. Be1 g5 17. Bf3 Rd7 18. Ne4 Nxe4 19. Bxe4 Bxe1 20. Rxe1 Nd5 21.
Rac1 Nb4 22. Rc5 g6 23. Rec1 Kg7 24. Qd1 Rdd8 25. Qf3 Rh8 26. Qe2 Qd6 27. f3 f5
28. Bb1 Rh4 29. Rf1 b6 30. Re5 Rf8 31. Rf2 Nd5 32. gxf5 exf5 33. Rg2 Qf6 34.
Qf2 g4 35. fxg4 fxg4 36. Qxf6+ Rxf6 37. Ba2 Nb4 38. Bc4 Rf8 39. Be2 Rf5 40. Re4
Rg5 41. Bxg4 Nd5 42. h3 Nf6 43. Rf4 Nd5 44. Rf3 Nf6 45. Be6 Rxg2+ 46. Kxg2 Re4
47. Bc4 Re7 48. Kf2 Ne4+ 49. Ke2 Ng5 50. Rg3 Ne4 51. Rg2 Kh6 52. Bd3 g5 53.
Bxe4 Rxe4 54. Rg4 Re7 55. h4 gxh4 56. Rxh4+ Kg5 57. Rf4 Rc7 58. Rf1 Rh7 59. Rf2
Rc7 60. Kd3 Rd7 61. e4 Rh7 62. Kc4 Re7 63. Kd3 Kg6 64. Rc2 Re6 65. d5 cxd5 66.
exd5 Re5 67. Kd4 Rh5 68. Rc6+ Kf7 69. Rxb6 Rh4+ 70. Kc5 Rxa4 71. Re6 Rh4 72.
Re2 Rh8 73. d6 Rc8+ 74. Kb6 Rc4 75. Rd2 Ke8 76. Kxa5 Kd7 77. b4 Rc1 78. b5 Rc3
79. Ka6 Rc1 80. Kb7 Rc3 81. b6 Rc4 82. Rd5 Ra4 83. Kb8 Ra3 84. Rd4 Ra2 85. b7
Ra5 86. Rc4 Kxd6 87. Kc8  1-0

[Event "31. DSenEM2018-Gruppe-65"]
[Site "Radebeul"]
[Date "2019.04.27"]
[Round "2.30"]
[White "Zimmermann, Manfred"]
[Black "Dekan, Hans"]
[Result "0-1"]
[BlackElo "2102"]
[BlackTeam "SC Eppingen"]
[EventDate "2019.??.??"]
[PlyCount "90"]
[WhiteElo "1968"]
[WhiteTeam "Kieler SG"]

1. d4 d5 2. Nf3 Nf6 3. e3 Bg4 4. Be2 c6 5. O-O Nbd7 6. b3 e6 7. Nbd2 Bd6 8. Bb2
O-O 9. c4 Re8 10. Ne5 Bxe2 11. Qxe2 Ne4 12. f4 Nxd2 13. Qxd2 Nf6 14. Nf3 Ne4
15. Qc2 f5 16. Bc3 h6 17. Be1 g5 18. g3 Re7 19. Nd2 Rg7 20. c5 Bc7 21. Nxe4
fxe4 22. f5 Rf7 23. fxe6 Rxf1+ 24. Kxf1 Qf6+ 25. Qf2 Qxe6 26. Qe2 Qh3+ 27. Kg1
Rf8 28. a4 Rf3 29. b4 Qg4 30. Ra2 h5 31. Kg2 h4 32. h3 Rxg3+ 33. Bxg3 Qxg3+ 34.
Kf1 Qxh3+ 35. Ke1 g4 36. Kd2 Qh2 37. Qxh2 Bxh2 38. Ke1 g3 39. Kf1 h3 40. Rb2
g2+ 41. Rxg2+ hxg2+ 42. Kxg2 Bc7 43. Kh3 Kf7 44. Kg4 Kf6 45. a5 a6  0-1

[Event "31. DSenEM2018-Gruppe-65"]
[Site "Radebeul"]
[Date "2019.04.27"]
[Round "2.31"]
[White "Türtmann, Dieter"]
[Black "Hanisch, Friedrich"]
[Result "1/2-1/2"]
[BlackElo "2095"]
[BlackTeam "SV Altensittenbach"]
[EventDate "2019.??.??"]
[PlyCount "116"]
[WhiteElo "1947"]
[WhiteTeam "ESV Eberswalde"]

1. b3 e5 2. Bb2 Nc6 3. e3 Nf6 4. Be2 d5 5. a3 Bd6 6. d3 O-O 7. Nd2 Qe7 8. Bf3
Bf5 9. e4 dxe4 10. dxe4 Bg6 11. c3 Qe6 12. Ne2 Rfd8 13. Qc2 b5 14. Ng3 Ne7 15.
O-O c5 16. Rfd1 Bc7 17. Ndf1 Rxd1 18. Rxd1 Rd8 19. Rxd8+ Bxd8 20. Ne3 Qd7 21.
Qe2 Bc7 22. h3 h6 23. Nef1 a5 24. c4 b4 25. a4 Nc6 26. Bg4 Nxg4 27. Qxg4 Qxg4
28. hxg4 Nd4 29. Nd2 f6 30. Ngf1 Ne2+ 31. Kh2 h5 32. gxh5 Bxh5 33. Ng3 Nf4 34.
Nxh5 Nxh5 35. g3 g6 36. Nf1 Kf7 37. Ne3 Ke6 38. Nd5 Bb8 39. Kg2 f5 40. Kf3 Ng7
41. g4 Ne8 42. gxf5+ gxf5 43. exf5+ Kxf5 44. Ne3+ Ke6 45. Ng4 Bc7 46. Ke4 Nd6+
47. Kf3 Nf7 48. Bc1 Nd6 49. Ne3 Bd8 50. Bb2 Bf6 51. Ke2 Nf5 52. Nxf5 Kxf5 53.
f3 Bg5 54. Kd3 Bf4 55. Ke2 Bh2 56. Bc1 Bf4 57. Be3 Bxe3 58. Kxe3 Kf6  1/2-1/2

[Event "31. DSenEM2018-Gruppe-65"]
[Site "Radebeul"]
[Date "2019.04.27"]
[Round "2.32"]
[White "Siegmund, Rainer"]
[Black "Strehlow, Horst"]
[Result "1-0"]
[BlackElo "1946"]
[EventDate "2019.??.??"]
[PlyCount "41"]
[WhiteElo "2093"]
[WhiteTeam "SV Dresden-Striesen"]

1. d4 Nf6 2. c4 e6 3. Nc3 Bb4 4. Qc2 b6 5. Bg5 h6 6. Bh4 Bb7 7. a3 Bxc3+ 8. Qxc3
g5 9. Bg3 Ne4 10. Qc2 O-O 11. f3 Nxg3 12. hxg3 Kg7 13. e4 d6 14. O-O-O Nd7 15.
Ne2 e5 16. g4 a5 17. Ng3 Rh8 18. Nf5+ Kg6 19. g3 Qf6 20. d5 h5 21. gxh5+  1-0

[Event "31. DSenEM2018-Gruppe-65"]
[Site "Radebeul"]
[Date "2019.04.27"]
[Round "2.33"]
[White "Waltenberger, Udo"]
[Black "Meier, Wolfgang"]
[Result "1-0"]
[Annotator "lenovo"]
[BlackElo "2092"]
[BlackTeam "SSV Altenberg"]
[EventDate "2019.??.??"]
[PlyCount "109"]
[WhiteElo "1944"]
[WhiteTeam "SV Eiche Reichenbrand"]

1. d4 d5 2. Nf3 c6 3. g3 Nf6 4. Bg2 Bf5 5. O-O h6 6. c4 e6 7. Nc3 Be7 8. b3 Nbd7
9. Bb2 Ne4 10. Nd2 Nxd2 11. Qxd2 Nf6 12. Rfe1 Bb4 13. a3 Bxc3 14. Qxc3 O-O 15.
f3 Qd7 16. e4 Bg6 17. e5 Ne8 18. f4 Nc7 19. a4 Rfc8 20. Ba3 Na6 21. Bd6 f5 22.
c5 Nc7 23. b4 a6 24. Bf1 Ne8 25. Rab1 Nxd6 26. exd6 Be8 27. Qe3 Bf7 28. Rb2
Rcb8 29. Reb1 b5 30. Ra1 Ra7 31. Rba2 Rbb7 32. axb5 axb5 33. Rxa7 Rxa7 34. Qc3
Rxa1 35. Qxa1 Be8 36. Qa8 Kf7 37. Be2 g6 38. h3 Kf6 39. Kf2 Kg7 40. Qa5 Kf8 41.
Qa3 Qg7 42. Qe3 Qf6 43. Qe5 Qxe5 44. dxe5 Bd7 { ( = )}  45. g4 fxg4 46. hxg4 g5
47. Bd3 gxf4 48. Kf3 Kg7 49. Kxf4 Be8 50. g5 hxg5+ 51. Kxg5 Bd7 52. Bg6 Kf8 53.
Kf6 Be8 54. Kxe6 d4 55. d7  1-0

[Event "31. DSenEM2018-Gruppe-65"]
[Site "Radebeul"]
[Date "2019.04.27"]
[Round "2.34"]
[White "Dresen, Ulrich"]
[Black "Klein, Reinhard"]
[Result "1-0"]
[BlackElo "1863"]
[BlackTeam "Münchener SC"]
[EventDate "2019.??.??"]
[PlyCount "59"]
[WhiteElo "2228"]
[WhiteTeam "SF Gerresheim"]

1. d4 d5 2. Bf4 Nf6 3. e3 c5 4. c3 Nc6 5. Nd2 Qb6 6. Qc2 g6 7. Ngf3 Bg7 8. h3
O-O 9. Be2 Bf5 10. Qb3 c4 11. Qa3 Rfe8 12. b3 cxb3 13. axb3 Ne4 14. Nxe4 Bxe4
15. O-O e5 16. dxe5 Nxe5 17. Nd4 Bf8 18. Qa5 Rac8 19. Qxa7 Qxa7 20. Rxa7 Rxc3
21. Rxb7 Nd3 22. Bxd3 Bxd3 23. Ra1 h6 24. b4 g5 25. Bg3 Rcc8 26. b5 Bc5 27. b6
Ra8 28. Rba7 Rad8 29. Bc7 Rd7 30. Ra8  1-0

[Event "31. DSenEM2018-Gruppe-65"]
[Site "Radebeul"]
[Date "2019.04.27"]
[Round "2.35"]
[White "Schubert, Joachim"]
[Black "Rotstein, Jefim"]
[Result "0-1"]
[BlackElo "2326"]
[BlackTeam "SC Tornado Hochneukirch"]
[EventDate "2019.??.??"]
[PlyCount "82"]
[WhiteElo "1863"]
[WhiteTeam "SC Friesen Lichtenberg"]

1. e4 c5 2. Nf3 Nc6 3. d4 cxd4 4. Nxd4 Nf6 5. Nc3 d6 6. Be2 e5 7. Nb3 Be7 8. O-O
a5 9. a4 Be6 10. Kh1 Rc8 11. f4 O-O 12. f5 Bxb3 13. cxb3 Nb4 14. Bc4 Nd7 15.
Be3 Nb6 16. Bxb6 Qxb6 17. Qg4 Qd8 18. Rad1 Rc5 19. Rf3 Bf6 20. Rh3 Bg5 21. Qh5
h6 22. Bxf7+ Rxf7 23. Rf3 Rd7 24. g3 d5 25. h4 Bf6 26. exd5 Nxd5 27. Ne4 Rcc7
28. Rfd3 Kf8 29. Qf3 Nb4 30. Rd6 Rxd6 31. Rxd6 Rd7 32. Rxd7 Qxd7 33. Nc5 Qc6
34. Ne6+ Ke7 35. Kg2 Kd6 36. Kf2 Qxf3+ 37. Kxf3 Nd3 38. g4 Nc5 39. g5 Nxe6 40.
gxf6 Nd4+ 41. Kg4 gxf6  0-1

[Event "31. DSenEM2018-Gruppe-65"]
[Site "Radebeul"]
[Date "2019.04.27"]
[Round "2.36"]
[White "Kierzek, Matthias"]
[Black "Rache, Ralf"]
[Result "1-0"]
[BlackElo "1903"]
[BlackTeam "Aachener SV"]
[EventDate "2019.??.??"]
[PlyCount "115"]
[WhiteElo "2196"]
[WhiteTeam "SC Fulda"]

1. d4 Nf6 2. c4 g6 3. g3 Bg7 4. Bg2 d5 5. cxd5 Nxd5 6. Nf3 O-O 7. O-O Nc6 8. e3
Nb6 9. Nc3 e5 10. d5 Ne7 11. e4 Nc4 12. Qe2 Nd6 13. Rd1 Bg4 14. h3 Bxf3 15.
Bxf3 f5 16. Bg5 h6 17. Be3 Kh7 18. Rac1 a6 19. Bg2 Ng8 20. f3 Nf6 21. Bf2 Nh5
22. Kh2 Qe7 23. Rf1 Rf7 24. Na4 fxe4 25. fxe4 b6 26. Nc3 Raf8 27. Be3 a5 28.
Nb5 Nxb5 29. Qxb5 Rxf1 30. Rxf1 Rxf1 31. Qxf1 Nf6 32. Qc4 Ne8 33. Qc6 Nd6 34.
h4 Bf6 35. Bf3 h5 36. Kg2 Kg7 37. Kf2 Kh7 38. Ke2 Kg7 39. Kd3 Nf7 40. a3 Nd8
41. Qc4 Nf7 42. Bd1 Nd6 43. Qc6 Qd8 44. Ba4 Qc8 45. Bb5 Nxe4 46. Bxb6 Nd6 47.
Bxa5 Qf5+ 48. Kc3 Qf3+ 49. Kb4 Qe4+ 50. Kb3 Qe3+ 51. Ka2 Ne4 52. Qxc7+ Kh6 53.
d6 Nc5 54. Qf7 Qxg3 55. Bd2+ g5 56. Qxf6+ Kh7 57. Qf7+ Kh8 58. Bxg5  1-0

[Event "31. DSenEM2018-Gruppe-65"]
[Site "Radebeul"]
[Date "2019.04.27"]
[Round "2.37"]
[White "Bieberle, Gerhart"]
[Black "Partenheimer, Axel"]
[Result "1-0"]
[BlackElo "2182"]
[BlackTeam "Düsseldorfer SK"]
[EventDate "2019.??.??"]
[PlyCount "97"]
[WhiteElo "1941"]
[WhiteTeam "PTSV Aachen"]

1. d4 Nf6 2. c4 c6 3. e3 g6 4. Nf3 Bg7 5. Nc3 O-O 6. Bd3 d6 7. O-O a6 8. Qc2 b5
9. b3 Bb7 10. Bb2 Nbd7 11. e4 Nh5 12. Rfe1 Nf4 13. Bf1 b4 14. Ne2 Nxe2+ 15.
Bxe2 e6 16. Rad1 d5 17. e5 a5 18. c5 Qc8 19. Ng5 Qd8 20. f4 h6 21. Nf3 Ba6 22.
Bc1 Bxe2 23. Rxe2 a4 24. Rd3 Qa5 25. Kf2 Qb5 26. g4 f5 27. g5 h5 28. Ne1 Rfb8
29. Qb1 Bf8 30. bxa4 Rxa4 31. Rb3 Qc4 32. Be3 Ra3 33. Reb2 Rxb3 34. Rxb3 Ra8
35. Nc2 Nxc5 36. dxc5 Bxc5 37. Bxc5 Qxc5+ 38. Kg2 Qc4 39. Nxb4 Qxf4 40. Qc2
Qxe5 41. Nxc6 Qf4 42. Qe2 Qg4+ 43. Qxg4 Rxa2+ 44. Kg3 hxg4 45. Ne5 Re2 46. Nxg6
Kf7 47. Nf4 Re4 48. Rb7+ Kg8 49. g6  1-0

[Event "31. DSenEM2018-Gruppe-65"]
[Site "Radebeul"]
[Date "2019.04.27"]
[Round "2.38"]
[White "Szenetra, Werner"]
[Black "Reimann, Günther"]
[Result "1-0"]
[Annotator "lenovo"]
[BlackElo "1880"]
[BlackTeam "SC Magstadt"]
[EventDate "2019.??.??"]
[PlyCount "91"]
[WhiteElo "2177"]
[WhiteTeam "SV Berenbostel"]

1. Nf3 e6 2. d3 f5 3. e4 d6 4. c3 e5 5. Be2 Nf6 6. O-O fxe4 7. dxe4 Be6 8. Ng5
Qd7 9. Nxe6 Qxe6 10. Na3 a6 11. Bc4 Qd7 12. Qe2 Nc6 13. Bg5 Be7 14. b4 Qg4 15.
Qxg4 Nxg4 16. Bc1 Nf6 17. f3 h6 18. Nc2 Nh5 19. Ne3 Bg5 20. a4 Bxe3+ 21. Bxe3
Rf8 22. Rfb1 Ke7 23. b5 Na5 24. Bf1 axb5 25. axb5 b6 26. Ra3 Nb7 27. Rba1 Rxa3
28. Rxa3 Na5 29. c4 Ra8 30. Kf2 Ra7 31. Bd2 Nc6 { ( = )}  32. Ra6 Rxa6 33. bxa6
Na7 34. g3 Nf6 35. Bh3 Nd7 36. Bxd7 Kxd7 37. f4 exf4 38. gxf4 Ke6 39. f5+ Kf7
40. Kf3 Nc6 41. h4 Kf6 42. Bc3+ Kf7 43. h5 Na7 44. e5 dxe5 45. Bxe5 c6 46. Bb8 
1-0

[Event "31. DSenEM2018-Gruppe-65"]
[Site "Radebeul"]
[Date "2019.04.27"]
[Round "2.39"]
[White "Kannenberg, Karl-Heinz"]
[Black "Dellos, Peter"]
[Result "1-0"]
[BlackElo "1858"]
[BlackTeam "SK Ricklingen"]
[EventDate "2019.??.??"]
[PlyCount "63"]
[WhiteElo "2169"]
[WhiteTeam "SC Kitzingen"]

1. d4 Nf6 2. Nf3 d5 3. e3 e6 4. Nbd2 Bb4 5. c3 Be7 6. Bd3 O-O 7. O-O b6 8. Re1
Nbd7 9. e4 dxe4 10. Nxe4 Bb7 11. Neg5 h6 12. Nh3 c5 13. Qe2 cxd4 14. cxd4 Nd5
15. Ne5 N7f6 16. a3 Nc7 17. Be3 Ncd5 18. Bd2 Nc7 19. Rad1 Qd5 20. Nf4 Qxd4 21.
Bc1 Qa4 22. Bc2 Qb5 23. Bd3 Qa4 24. Bc2 Qb5 25. Bd3 Qa4 26. b4 Ncd5 27. Nxd5
Bxd5 28. Bb5 Qb3 29. Rd3 Qa2 30. Bb2 Be4 31. Re3 Qd5 32. Bc6  1-0

[Event "31. DSenEM2018-Gruppe-65"]
[Site "Radebeul"]
[Date "2019.04.27"]
[Round "2.40"]
[White "Lutz, Albert"]
[Black "Josting, Friedel"]
[Result "1-0"]
[Annotator "lenovo"]
[BlackElo "1855"]
[BlackTeam "SG Bünde"]
[EventDate "2019.??.??"]
[PlyCount "91"]
[WhiteElo "2138"]
[WhiteTeam "SK Krumbach"]

1. Nf3 Nf6 2. d4 e6 3. g3 b6 4. Bg2 Bb7 5. O-O Be7 6. c4 O-O 7. Nc3 d6 8. Qc2
Nbd7 9. Rd1 Qc8 10. e4 c5 11. d5 e5 12. Bh3 Qd8 13. Nh4 g6 14. Bh6 Re8 15. Qd2
Bc8 16. f3 Nf8 17. Bxc8 Rxc8 18. Ng2 N8d7 19. Rf1 Rb8 20. Rf2 a6 21. a4 Bf8 22.
Bg5 Be7 23. Raf1 Rf8 24. Bh6 Re8 25. g4 Bf8 26. Bg5 Be7 27. h3 h5 28. f4 Nh7
29. Bxe7 Qxe7 30. gxh5 gxh5 31. Qe2 Ndf6 32. Ne3 Kh8 33. Nf5 Rg8+ 34. Kh2 Qf8
35. fxe5 dxe5 36. d6 Rb7 37. Nd5 Nxd5 38. cxd5 Rg5 39. Rg2 Qg8 40. Rfg1 f6 { (
= )}  41. Qxh5 Rbg7 42. Nxg7 Rxh5 43. Nxh5 Qf8 44. Rg8+ Qxg8 45. Rxg8+ Kxg8 46.
d7  1-0

[Event "31. DSenEM2018-Gruppe-65"]
[Site "Radebeul"]
[Date "2019.04.27"]
[Round "2.41"]
[White "Mertens, Gottfried"]
[Black "Falk, Thomas"]
[Result "1/2-1/2"]
[BlackElo "2135"]
[BlackTeam "SV Oberursel"]
[EventDate "2019.??.??"]
[PlyCount "97"]
[WhiteElo "1782"]
[WhiteTeam "SK Weinheim"]

1. f4 e6 2. Nf3 d5 3. e3 g6 4. Be2 Bg7 5. O-O Ne7 6. c4 c6 7. Nc3 O-O 8. d4 b6
9. Bd2 Bb7 10. Rc1 Nd7 11. Ne5 f6 12. Nxd7 Qxd7 13. cxd5 exd5 14. Bg4 f5 15.
Be2 Nc8 16. g4 Nd6 17. gxf5 Nxf5 18. Bg4 c5 19. Ne2 Rac8 20. Qb3 Ba6 21. Rfe1
Bxe2 22. Rxe2 c4 23. Qd1 Rfe8 24. Qe1 Re6 25. Bxf5 gxf5 26. Rg2 Rcc6 27. Qf2
Rg6 28. Rxg6 Rxg6+ 29. Kh1 Qe6 30. Qf3 Qe4 31. Qxe4 fxe4 32. Rg1 Kf7 33. Rg3
Bf6 34. Bb4 Bh4 35. Rxg6 Kxg6 36. Kg2 Bd8 37. Kf1 a5 38. Be1 b5 39. Ke2 b4 40.
Kd2 Be7 41. Kc1 Kf7 42. h3 Ke6 43. Kb1 Kd7 44. a3 Kc6 45. a4 Kd7 46. Kc1 Ke6
47. Kd1 Kf5 48. Ke2 Kg6 49. Kd1  1/2-1/2

[Event "31. DSenEM2018-Gruppe-65"]
[Site "Radebeul"]
[Date "2019.04.27"]
[Round "2.42"]
[White "Weber, Martin"]
[Black "Jacob, Helmut"]
[Result "1/2-1/2"]
[Annotator "lenovo"]
[BlackElo "2107"]
[BlackTeam "SK Ochtrup"]
[EventDate "2019.??.??"]
[PlyCount "97"]
[WhiteElo "1848"]
[WhiteTeam "SV Betzdorf-Kirchen"]

1. d4 Nf6 2. Bf4 e6 3. Nf3 c5 4. e3 Qb6 5. Nc3 cxd4 6. exd4 Bb4 7. Rb1 Ne4 8.
Bd2 Nxd2 9. Qxd2 d5 10. a3 Be7 11. b4 O-O 12. Bd3 Nc6 13. Na4 Qc7 14. O-O Bf6
15. c3 Bd7 16. Nc5 Be8 17. Ng5 Bxg5 18. Qxg5 h6 19. Qe3 b6 20. Nb3 Ne7 21. f4
Rc8 22. Rbc1 Ba4 23. Nd2 Qd7 24. Rf3 Bb5 25. Bb1 a5 26. Rh3 axb4 27. axb4 Nf5
28. Bxf5 exf5 29. Nf3 { ( = )}  29... Qe8 30. Nh4 Qe4 31. Qxe4 fxe4 32. Nf5 Rc7
33. Rg3 g6 34. Nxh6+ Kh7 35. Ng4 f6 36. Ne3 Rd8 37. h4 Be8 38. f5 gxf5 39. Nxf5
Bg6 40. Ne3 f5 41. Rg5 Kh6 42. g3 Rf7 43. Rf1 Rc7 44. Rc1 Rf7 45. Ng2 Rf6 46.
Re1 Rc8 47. Ne3 Rd6 { ( = )}  48. Rc1 Rf8 49. Kg2  1/2-1/2

[Event "31. DSenEM2018-Gruppe-65"]
[Site "Radebeul"]
[Date "2019.04.27"]
[Round "2.44"]
[White "Fauth, Frank"]
[Black "Lomer, Edmund"]
[Result "0-1"]
[Annotator "lenovo"]
[BlackElo "2053"]
[BlackTeam "Eckernförder SC"]
[EventDate "2019.??.??"]
[PlyCount "152"]
[WhiteElo "1671"]
[WhiteTeam "SV Jena"]

{ [%evp 0,90,19,8,20,21,20,5,18,18,20,27,24,17,24,17,1,12,17,17,9,-9,11,13,10,9,
27,-17,-11,-2,0,-46,-21,-47,-20,-77,-57,-81,-119,-81,-17,-57,-3,-57,-17,-55,
-55,-55,-98,-120,-120,-153,-110,-196,-184,-193,-131,-125,-100,-183,-158,-217,
-195,-198,-191,-220,-253,-253,-253,-354,-211,-194,-123,-124,-140,-122,-154,
-154,-138,-134,-138,-156,-144,-152,-158,-166,-160,-188,-119,-164,-111,-122,
-134] } 1. d4 Nf6 2. e3 e6 3. a3 b6 4. Nf3 Bb7 5. c4 Be7 6. Nc3 d6 7. Be2 Nbd7
8. O-O O-O 9. Qc2 c5 10. Rd1 h6 11. b3 Rc8 12. Bb2 cxd4 13. exd4 Qc7 14. Rac1
d5 15. Qd3 dxc4 16. bxc4 Rfd8 17. Na4 Bc6 18. Qb3 Qf4 19. Nc3 Bd6 20. d5 Nc5
21. Qa2 Ba8 22. Rd4 Qf5 23. Nb5 Bb8 24. Rh4 exd5 25. Nbd4 Qg6 26. cxd5 Bxd5 27.
Qb1 Qxb1 28. Rxb1 Na4 29. Ba1 Nc3 30. Bxc3 Rxc3 31. a4 Rdc8 32. g3 Rc1+ 33.
Rxc1 Rxc1+ 34. Bf1 Bc4 35. Nd2 Bxf1 36. Nxf1 Rc4 37. Nf5 Rxh4 38. Nxh4 Bd6 39.
Nf5 Bc5 40. N1e3 Ne4 41. Nd1 h5 42. Kg2 g6 43. Nh4 a5 44. Nf3 f6 45. Ne1 Kf7
46. f3 Nd2 47. Nd3 Nb3 48. Nc3 Bd4 49. Ne2 Be3 50. g4 hxg4 51. fxg4 Nc5 52.
Nxc5 Bxc5 53. Kf3 g5 54. Nc3 Ke6 55. Ke4 Bd6 56. h3 Bc5 57. Nb5 Bf2 58. Nc3 Bg3
59. Nb5 Be5 60. Na7 Kd6 61. Nc8+ Kc5 62. Kf5 b5 63. axb5 Kxb5 64. Na7+ Kc5 65.
Nc8 a4 66. Ne7 a3 67. Ng8 a2 68. Nxf6 Bxf6 69. Kxf6 a1=Q+ 70. Kxg5 Kd6 71. Kg6
Qh8 72. g5 Ke6 73. h4 Qxh4 74. Kg7 Qxg5+ 75. Kf8 Qe7+ 76. Kg8 Kf6  0-1

[Event "31. DSenEM2018-Gruppe-65"]
[Site "Radebeul"]
[Date "2019.04.27"]
[Round "2.45"]
[White "Schulz, Wolfgang"]
[Black "Prause, Dieter"]
[Result "1-0"]
[BlackElo "1760"]
[BlackTeam "SK Delbrück"]
[EventDate "2019.??.??"]
[PlyCount "119"]
[WhiteElo "2048"]
[WhiteTeam "Hamburger SK"]

1. e4 d5 2. exd5 Qxd5 3. Nc3 Qa5 4. d4 c6 5. Bc4 Nf6 6. Bd2 Bf5 7. Nd5 Qd8 8.
Nxf6+ exf6 9. Nf3 Bd6 10. Qe2+ Qe7 11. Qxe7+ Bxe7 12. O-O-O O-O 13. Rhe1 Bd6
14. h3 b5 15. Bf1 Be6 16. Kb1 a5 17. Be3 Na6 18. Nd2 Nb4 19. a3 Nd5 20. Ne4
Nxe3 21. fxe3 Be7 22. Ng3 f5 23. Nh5 g6 24. Nf4 Bh4 25. Nxe6 fxe6 26. Re2 b4
27. a4 Rad8 28. Red2 Bg5 29. Bc4 Rfe8 30. Rd3 Kg7 31. g3 Rd6 32. c3 Rb8 33.
cxb4 Rxb4 34. b3 Kf6 35. Kc2 Ke7 36. Re1 Bf6 37. Red1 e5 38. d5 e4 39. R3d2 c5
40. Rg2 Bg5 41. Kd2 h5 42. Ke2 Kf6 43. Rf1 Ke5 44. g4 hxg4 45. hxg4 f4 46.
exf4+ Bxf4 47. g5 Rdb6 48. Rg4 Rxc4 49. bxc4 Rb2+ 50. Ke1 Rb1+ 51. Kf2 e3+ 52.
Kg1 Bh2+ 53. Kg2 Rb2+ 54. Kf3 e2 55. Re4+ Kf5 56. Rxe2 Rxe2 57. Kxe2+ Kxg5 58.
Ke3 Be5 59. Ke4 Bd6 60. Rf7  1-0

[Event "31. DSenEM2018-Gruppe-65"]
[Site "Radebeul"]
[Date "2019.04.27"]
[Round "2.46"]
[White "Vasiljev, Jurij"]
[Black "Baensch, Frank"]
[Result "1-0"]
[Annotator "lenovo"]
[BlackElo "1713"]
[BlackTeam "Schach macht fit"]
[EventDate "2019.??.??"]
[PlyCount "85"]
[WhiteElo "2042"]
[WhiteTeam "SF Moers"]

1. d4 Nf6 2. c4 g6 3. Nf3 d5 4. cxd5 Nxd5 5. e4 Nb6 6. Nc3 Bg7 7. Be3 Bg4 8. Be2
Bxf3 9. Bxf3 c6 10. Qd3 N8d7 11. O-O Ne5 12. Qd1 Nxf3+ 13. gxf3 e5 14. d5 Nc4
15. Qe2 Nxe3 16. fxe3 Rc8 17. Rad1 Qg5+ 18. Kh1 Qh4 19. dxc6 bxc6 20. Qa6 O-O
21. Qxa7 Qf6 22. Qa6 Rfd8 23. Qe2 Bf8 24. a3 Bc5 { ( = )}  25. f4 Kg7 26. f5
Rxd1 27. Nxd1 Qh4 28. Nc3 Qg5 29. Rf3 Qd8 30. Qc4 Qf8 31. b4 Bb6 32. Na4 Ba7
33. Qc3 Qd6 34. Nb2 f6 35. Rf1 Qe7 { ( = )}  36. Rd1 Qb7 37. Nc4 Bb8 38. Qd3
Kh6 39. fxg6 hxg6 40. Qd7 Rc7 41. Qh3+ Kg7 42. Rd8 f5 43. Qh8+  1-0

[Event "31. DSenEM2018-Gruppe-65"]
[Site "Radebeul"]
[Date "2019.04.27"]
[Round "2.47"]
[White "Glasewald, Stefan"]
[Black "Raitza, Egon"]
[Result "1/2-1/2"]
[Annotator "lenovo"]
[BlackElo "1704"]
[BlackTeam "SSC Rostock"]
[EventDate "2019.??.??"]
[PlyCount "48"]
[WhiteElo "2018"]
[WhiteTeam "SV Dresden-Striesen"]

1. d4 d5 2. Nc3 e6 3. e4 dxe4 4. Nxe4 Nd7 5. Nf3 Ngf6 6. Bg5 Be7 7. Nxf6+ Nxf6
8. c3 O-O 9. Bd3 Nd5 10. h4 f6 11. Bd2 Bd6 12. Qc2 f5 13. Bg5 Qe8 14. Ne5 c5
15. Nc4 Be7 16. Bxe7 Qxe7 17. dxc5 Qxc5 18. O-O-O Bd7 19. Ne5 Be8 20. Rhe1 Rd8
21. Bc4 Bc6 22. Bxd5 Rxd5 23. Rxd5 Qxd5 24. Kb1 Re8 { ( = )}   1/2-1/2